Swedish Football Club Badges from top 3 leagues - Statistics

General Stats
  • This quiz has been taken 149 times
    84 since last reset
  • The average score is 39 of 64
Answer Stats
Picture Answer % Correct
Djurgårdens IF
98%
Malmö FF
98%
IK Sirius
94%
Halmstads BK
91%
BK Häcken
89%
Örebro SK
89%
AIK
87%
IK Brage
87%
Degerfors IF
85%
FC Rosengård
85%
Mjällby AIF
85%
Örgryte IS
85%
Östers IF
85%
Hammarby IF
83%
Västerås SK
83%
GAIS
81%
Trelleborgs FF
81%
IK Oddevold
79%
Brommapojkarna
77%
GIF Sundsvall
74%
Kalmar FF
74%
Helsingborgs IF
72%
Vasalunds IF
72%
FC Stockholm Internazionale
70%
IF Elfsborg
70%
Skövde AIK
70%
Landskrona BoIS
68%
Gefle IF
66%
Hammarby Talang FF
66%
IFK Stocksund
62%
Norrby IF
62%
Östersunds FK
60%
Tvååkers IF
60%
Åtvidabergs FF
57%
IFK Värnamo
57%
Utsiktens BK
57%
IFK Norrköping
53%
Ljungskile SK
53%
Lunds BK
53%
IFK Göteborg
51%
Laholms FK
49%
Nordic United FC
49%
Piteå IF
49%
Falkenbergs FF
47%
Jönköpings Södra IF
47%
Varberg BoIS
47%
AFC Eskilstuna
45%
Assyriska FF
45%
Karlstad Fotboll
45%
Umeå FC
45%
FBK Karlstad
43%
Ängelholms FF
42%
Sandvikens IF
42%
Enköpings SK
38%
FC Trollhättan
38%
Karlbergs BK
36%
Sollentuna FK
36%
Ariana FC
32%
Eskilsminne IF
32%
FC Arlanda
32%
Hässleholms IF
32%
BK Olympic
28%
FC Järfälla
23%
Kristianstad FC
21%
No matching quizzes found
Score Distribution
Percent of People with Each Score
Percentile by Number Answered
Your Score History
You have not taken this quiz since the last reset